| 000 | 00834nam a22002297a 4500 | ||
|---|---|---|---|
| 008 | 100707s1994 ua|||||r|||| 000 0 ara d | ||
| 020 | _a9770140953 | ||
| 082 |
_222 _a523.1 _bع ب د |
||
| 100 |
_915992 _aعبد الفتاح ، جلال |
||
| 245 |
_aالكون ، ذلك المجهول / _cجلال عبد الفتاح |
||
| 260 |
_aالقاهرة : _bالهيئة العامة المصرية للكتاب ، _c1994 |
||
| 300 |
_a211ص : _bايض لو ; _c22 سم |
||
| 504 | _aببليوجلرافية ص 206 | ||
| 541 |
_aالف باء؛ _c ؛ شراء |
||
| 650 |
_915140 _aالكون |
||
| 650 |
_915999 _aالمجرات |
||
| 650 |
_915148 _aالفلك |
||
| 942 |
_2ddc _cBB _hRDA-MOD |
||
| 999 |
_c14416 _d14416 |
||
| 336 |
_2rdacontent _aنص _btxt |
||
| 337 |
_aبدون وسيط _2rdamedia _bn |
||
| 338 |
_aمجلد _bnc _2rdacarrier |
||